The Keepsake for. (Record no. 183133)

MARC details
000 -LEADER
campo de control de longitud fija 00758nas a2200205 i 4500
001 - NÚMERO DE CONTROL
campo de control 183133
003 - IDENTIFICADOR DE NÚMERO DE CONTROL
campo de control ES-MaACL
005 - FECHA Y HORA DE LA ÚLTIMA TRANSACCIÓN
campo de control 20250217134912.0
008 - DATOS DE LONGITUD FIJA--INFORMACIÓN GENERAL
campo de control de longitud fija 140123d18271857xxka| | ||ng d
245 04 - MENCIÓN DEL TÍTULO
Título The Keepsake for.
260 ## - PUBLICACIÓN, DISTRIBUCIÓN, ETC.
Lugar de publicación, distribución, etc. London :
Nombre del editor, distribuidor, etc. David Bogue,
Fecha de publicación, distribución, etc. 1827-1857.
300 ## - DESCRIPCIÓN FÍSICA
Extensión 1 v. (272 p.) :
Otras características físicas il. ;
Dimensiones 24 cm.
310 ## - PERIODICIDAD ACTUAL
Periodicidad actual Anual
594 ## - Nota al título y mención de responsabilidad
Nota al título y mención de responsabilidad 1857: edited by Miss Power, with beautifully-finished engravings, from drawings by the first artists, engraved under the superintendence of Frederick A. Heath.
700 1# - ENTRADA AGREGADA--NOMBRE PERSONAL
Nombre de persona Heath, Frederick.
9 (RLIN) 154263
700 1# - ENTRADA AGREGADA--NOMBRE PERSONAL
Nombre de persona Power, Marguerite A.
9 (RLIN) 154264
852 ## - LOCALIZACIÓN
Ubicación ES-MaACL
Número de control de estantería C-3162
Nota libre - Enc. tela roja y cortes dorados
-- - Legado Modesto Lafuente
866 #0 - MENCIÓN TEXTUAL DE FONDOS--UNIDAD BIBLIOGRÁFICA BÁSICA
Fondos 1857.
Holdings
Estatus retirado Estado de pérdida Estado de daño No para préstamo Colección Biblioteca de origen Biblioteca actual Ubicación en estantería Fecha de adquisición Fuente de adquisición Total de préstamos Signatura topográfica completa Código de barras Visto por última vez Precio de reemplazo Tipo de ítem Koha
        Periódicos y Revistas Biblioteca del Ateneo de Madrid Biblioteca del Ateneo de Madrid Depósito 2 23/01/2014     C-3162 1192477 23/02/2023 23/02/2023 Revista